Nom scientifique - vernaculaire - Statistiques

Statistiques générales
  • Ce quiz a été pris 50 fois
  • Le résultat moyen est 10 sur 20
Statistiques - réponses
Nom scientifique Réponse % Correct
Felis catus Chat
100%
Canis lupus familiaris Chien
93%
Delphinus delphis Dauphin
93%
Panthera leo Lion
89%
Puma concolor Puma
85%
Equus caballus Cheval
77%
Bos Taurus Taureau
77%
Panthera pardus Léopard
66%
Ursus maritimus Ours blanc
58%
Balaenoptera musculus Baleine bleue
45%
Panthera onca Jaguar
43%
Elephas maximus Éléphant d'Asie
31%
Pan troglodytes Chimpanzé
30%
Pan paniscus Bonobo
29%
Loxodonta Éléphant d'Afrique
29%
Acinonyx jubatus Guépard
23%
Pongo Orang-Outan
20%
Hydrochoerus hydrochaeris Capybara
18%
Dromaius novaehollandiae Émeu d'Australie
14%
Ailuropoda melanoleuca Panda
14%
Xiphias gladius Espadon
10%
Aucun quiz correspondant
Distribution des résultats
% des personnes avec chaque résultat
Percentile par nombre de réponses
Votre historique - résultats
Vous n’avez pas pris ce quiz